<?xml version="1.0" encoding="UTF-8"?>
<record
    xmlns:xsi="http://www.w3.org/2001/XMLSchema-instance"
    xsi:schemaLocation="http://www.loc.gov/MARC21/slim http://www.loc.gov/standards/marcxml/schema/MARC21slim.xsd"
    xmlns="http://www.loc.gov/MARC21/slim">

  <leader>02921nam0a2200505   4500</leader>
  <controlfield tag="001">RU\NLR\bibl\1262746</controlfield>
  <controlfield tag="005">20260407151327.0</controlfield>
  <datafield tag="010" ind1=" " ind2=" ">
    <subfield code="a">978-5-93091-109-1</subfield>
  </datafield>
  <datafield tag="021" ind1=" " ind2=" ">
    <subfield code="a">RU</subfield>
    <subfield code="b">2008-46764</subfield>
    <subfield code="9">2584</subfield>
  </datafield>
  <datafield tag="035" ind1=" " ind2=" ">
    <subfield code="a">(nilc)EL/0000197270</subfield>
  </datafield>
  <datafield tag="035" ind1=" " ind2=" ">
    <subfield code="a">RU\LSL\TAT_B\2216</subfield>
  </datafield>
  <datafield tag="035" ind1=" " ind2=" ">
    <subfield code="a">RU\LSL\Books\2526100</subfield>
  </datafield>
  <datafield tag="035" ind1=" " ind2=" ">
    <subfield code="a">(NLR Aleph) 001248728</subfield>
  </datafield>
  <datafield tag="090" ind1=" " ind2=" ">
    <subfield code="a">305271</subfield>
    <subfield code="c">305271</subfield>
  </datafield>
  <datafield tag="100" ind1=" " ind2=" ">
    <subfield code="a">20080513d2008    |||y0rusy50      ca</subfield>
  </datafield>
  <datafield tag="101" ind1="1" ind2=" ">
    <subfield code="a">rus</subfield>
    <subfield code="a">tat</subfield>
    <subfield code="a">eng</subfield>
    <subfield code="c">ara</subfield>
    <subfield code="d">eng</subfield>
  </datafield>
  <datafield tag="102" ind1=" " ind2=" ">
    <subfield code="a">RU</subfield>
  </datafield>
  <datafield tag="105" ind1=" " ind2=" ">
    <subfield code="a">a   |||||||||</subfield>
  </datafield>
  <datafield tag="200" ind1="1" ind2=" ">
    <subfield code="a">&#x428;&#x430;&#x43A;&#x438;&#x440;&#x434;&#x436;&#x430;&#x43D; &#x422;&#x430;&#x433;&#x438;&#x440;&#x43E;&#x432; - &#x43F;&#x435;&#x434;&#x430;&#x433;&#x43E;&#x433;, &#x43F;&#x440;&#x43E;&#x441;&#x432;&#x435;&#x442;&#x438;&#x442;&#x435;&#x43B;&#x44C;, &#x445;&#x443;&#x434;&#x43E;&#x436;&#x43D;&#x438;&#x43A;</subfield>
    <subfield code="e">[&#x43A; 150-&#x43B;&#x435;&#x442;&#x438;&#x44E; &#x441;&#x43E; &#x434;&#x43D;&#x44F; &#x440;&#x43E;&#x436;&#x434;&#x435;&#x43D;&#x438;&#x44F;</subfield>
    <subfield code="f">&#x418;&#x43D;-&#x442; &#x44F;&#x437;., &#x43B;&#x438;&#x442;. &#x438; &#x438;&#x441;&#x43A;&#x443;&#x441;&#x441;&#x442;&#x432;&#x430; &#x438;&#x43C;. &#x413;. &#x418;&#x431;&#x440;&#x430;&#x433;&#x438;&#x43C;&#x43E;&#x432;&#x430;</subfield>
    <subfield code="g">&#x441;&#x43E;&#x441;&#x442;.: &#x422;&#x430;&#x433;&#x438;&#x440;&#x43E;&#x432; &#x412;. &#x420;., &#x421;&#x443;&#x43B;&#x442;&#x430;&#x43D;&#x43E;&#x432;&#x430; &#x420;. &#x420;.</subfield>
    <subfield code="g">&#x43F;&#x435;&#x440;.: &#x421;. &#x41C;. &#x413;&#x438;&#x43B;&#x44F;&#x437;&#x443;&#x442;&#x434;&#x438;&#x43D;&#x43E;&#x432; &#x438; &#x434;&#x440;.</subfield>
    <subfield code="g">&#x440;&#x435;&#x434;&#x43A;&#x43E;&#x43B;.: &#x41C;&#x438;&#x43D;&#x43D;&#x443;&#x43B;&#x43B;&#x438;&#x43D; &#x41A;. &#x41C;., &#x434;.&#x444;&#x438;&#x43B;&#x43E;&#x43B;.&#x43D;. &#x438; &#x434;&#x440;.]</subfield>
  </datafield>
  <datafield tag="210" ind1=" " ind2=" ">
    <subfield code="a">&#x41A;&#x430;&#x437;&#x430;&#x43D;&#x44C;</subfield>
    <subfield code="c">&#x418;&#x42F;&#x41B;&#x418;</subfield>
    <subfield code="d">2008</subfield>
  </datafield>
  <datafield tag="215" ind1=" " ind2=" ">
    <subfield code="a">67, [1] &#x441;.</subfield>
    <subfield code="c">&#x438;&#x43B;., &#x446;&#x432;. &#x438;&#x43B;.</subfield>
    <subfield code="d">30</subfield>
  </datafield>
  <datafield tag="300" ind1=" " ind2=" ">
    <subfield code="a">&#x41D;&#x430; 4-&#x439; &#x441;. &#x43E;&#x431;&#x43B;.: &#x428;&#x430;&#x43A;&#x438;&#x440;&#x434;&#x436;&#x430;&#x43D; &#x410;&#x445;&#x43C;&#x435;&#x434;&#x436;&#x430;&#x43D;&#x43E;&#x432;&#x438;&#x447; &#x422;&#x430;&#x433;&#x438;&#x440;&#x43E;&#x432; (&#x422;&#x430;&#x433;&#x438;&#x440;&#x438;)</subfield>
  </datafield>
  <datafield tag="300" ind1=" " ind2=" ">
    <subfield code="a">&#x422;&#x435;&#x43A;&#x441;&#x442; &#x43D;&#x430; &#x440;&#x443;&#x441;., &#x442;&#x430;&#x442;., &#x430;&#x43D;&#x433;&#x43B;. &#x44F;&#x437;.</subfield>
  </datafield>
  <datafield tag="300" ind1=" " ind2=" ">
    <subfield code="a">&#x418;&#x437;&#x434;. &#x43D;&#x430; &#x441;&#x440;&#x435;&#x434;&#x441;&#x442;&#x432;&#x430;, &#x432;&#x44B;&#x434;&#x435;&#x43B;&#x435;&#x43D;. &#x43D;&#x430; &#x440;&#x435;&#x430;&#x43B;&#x438;&#x437;&#x430;&#x446;&#x438;&#x44E; &#x417;&#x430;&#x43A;&#x43E;&#x43D;&#x430; &#x420;&#x435;&#x441;&#x43F;. &#x422;&#x430;&#x442;&#x430;&#x440;&#x441;&#x442;&#x430;&#x43D; "&#x41E; &#x433;&#x43E;&#x441;. &#x44F;&#x437;. &#x420;&#x422; &#x438; &#x434;&#x440;. &#x44F;&#x437;. &#x432; &#x420;&#x422;"</subfield>
  </datafield>
  <datafield tag="320" ind1=" " ind2=" ">
    <subfield code="a">&#x411;&#x438;&#x431;&#x43B;&#x438;&#x43E;&#x433;&#x440;.: &#x441;. 64-65 (40 &#x43D;&#x430;&#x437;&#x432;.) &#x438; &#x432; &#x43F;&#x440;&#x438;&#x43C;&#x435;&#x447;.: &#x441;. 58-62</subfield>
  </datafield>
  <datafield tag="320" ind1=" " ind2=" ">
    <subfield code="a">&#x421;&#x43E;&#x447;&#x438;&#x43D;&#x435;&#x43D;&#x438;&#x44F; &#x428;. &#x410;. &#x422;&#x430;&#x433;&#x438;&#x440;&#x43E;&#x432;&#x430;: &#x441;. 63</subfield>
  </datafield>
  <datafield tag="327" ind1="0" ind2=" ">
    <subfield code="a">&#x412; &#x43A;&#x43D;. &#x442;&#x430;&#x43A;&#x436;&#x435;: &#x41A;&#x430;&#x441;&#x438;&#x434;&#x430;'&#x438; &#x431;&#x443;&#x440;&#x434;&#x430; (&#x41E;&#x434;&#x430; &#x43E; &#x43F;&#x43B;&#x430;&#x449;&#x435; &#x41C;&#x443;&#x445;&#x430;&#x43C;&#x43C;&#x435;&#x434;&#x430;) / &#x41C;&#x443;&#x445;&#x430;&#x43C;&#x43C;&#x435;&#x434; &#x430;&#x43B;&#x44C;-&#x411;&#x443;&#x441;&#x438;&#x440;&#x438;</subfield>
  </datafield>
  <datafield tag="600" ind1=" " ind2="1">
    <subfield code="a">&#x422;&#x430;&#x433;&#x438;&#x440;&#x43E;&#x432;</subfield>
    <subfield code="b">&#x428;.&#x410;.</subfield>
    <subfield code="f">1958 - 1918</subfield>
    <subfield code="g">&#x428;&#x430;&#x43A;&#x438;&#x440;&#x434;&#x436;&#x430;&#x43D; &#x410;&#x445;&#x43C;&#x435;&#x434;&#x436;&#x430;&#x43D;&#x43E;&#x432;&#x438;&#x447;</subfield>
    <subfield code="9">2557882</subfield>
    <subfield code="3">RU\NLR\auth\661513238</subfield>
  </datafield>
  <datafield tag="686" ind1=" " ind2=" ">
    <subfield code="a">&#x427;33(2&#x420;&#x43E;&#x441;=&#x422;&#x430;&#x442;&#x430;){5},2&#x422;&#x430;&#x433;&#x438;&#x440;&#x43E;&#x432; &#x428;.</subfield>
    <subfield code="v">LBC/SL</subfield>
    <subfield code="2">rubbk</subfield>
  </datafield>
  <datafield tag="686" ind1=" " ind2=" ">
    <subfield code="a">14.09</subfield>
    <subfield code="2">rugasnti</subfield>
  </datafield>
  <datafield tag="686" ind1=" " ind2=" ">
    <subfield code="a">&#x427;33(2&#x420;-6&#x422;)5-8&#x422;&#x430;&#x433;&#x438;&#x440;&#x43E;&#x432;</subfield>
  </datafield>
  <datafield tag="686" ind1=" " ind2=" ">
    <subfield code="a">&#x429;153(2&#x420;=&#x422;&#x430;&#x442;)53-8&#x422;&#x430;&#x433;&#x438;&#x440;&#x43E;&#x432;</subfield>
  </datafield>
  <datafield tag="702" ind1=" " ind2="1">
    <subfield code="4">570</subfield>
    <subfield code="8">rus</subfield>
    <subfield code="7">ca</subfield>
    <subfield code="a">&#x422;&#x430;&#x433;&#x438;&#x440;&#x43E;&#x432;</subfield>
    <subfield code="b">&#x428;. &#x410;.</subfield>
    <subfield code="f">1858-1918</subfield>
    <subfield code="g">&#x428;&#x430;&#x43A;&#x438;&#x440;&#x434;&#x436;&#x430;&#x43D; &#x410;&#x445;&#x43C;&#x435;&#x434;&#x436;&#x430;&#x43D;&#x43E;&#x432;&#x438;&#x447;</subfield>
    <subfield code="3">RU\NLR\auth\7777975</subfield>
    <subfield code="9">60903</subfield>
  </datafield>
  <datafield tag="702" ind1=" " ind2="1">
    <subfield code="4">220</subfield>
    <subfield code="8">rus</subfield>
    <subfield code="7">ca</subfield>
    <subfield code="a">&#x422;&#x430;&#x433;&#x438;&#x440;&#x43E;&#x432;</subfield>
    <subfield code="b">&#x412;. &#x420;.</subfield>
    <subfield code="f">1952-</subfield>
    <subfield code="g">&#x412;&#x430;&#x440;&#x442;&#x430;&#x43D; &#x420;&#x438;&#x432;&#x433;&#x430;&#x442;&#x43E;&#x432;&#x438;&#x447;</subfield>
    <subfield code="3">RU\NLR\auth\7777980</subfield>
    <subfield code="9">60908</subfield>
  </datafield>
  <datafield tag="702" ind1=" " ind2="1">
    <subfield code="4">340</subfield>
    <subfield code="7">ca</subfield>
    <subfield code="8">rus</subfield>
    <subfield code="a">&#x41C;&#x438;&#x43D;&#x43D;&#x443;&#x43B;&#x43B;&#x438;&#x43D;</subfield>
    <subfield code="b">&#x41A;. &#x41C;.</subfield>
    <subfield code="c">&#x434;-&#x440; &#x444;&#x438;&#x43B;&#x43E;&#x43B;. &#x43D;&#x430;&#x443;&#x43A;</subfield>
    <subfield code="f">1959-</subfield>
    <subfield code="g">&#x41A;&#x438;&#x43C; &#x41C;&#x443;&#x433;&#x430;&#x43B;&#x43B;&#x438;&#x43C;&#x43E;&#x432;&#x438;&#x447;</subfield>
    <subfield code="9">244254</subfield>
    <subfield code="3">RU\NLR\AUTH\770244310</subfield>
  </datafield>
  <datafield tag="712" ind1="0" ind2="2">
    <subfield code="4">570</subfield>
    <subfield code="a">&#x418;&#x43D;&#x441;&#x442;&#x438;&#x442;&#x443;&#x442; &#x44F;&#x437;&#x44B;&#x43A;&#x430;, &#x43B;&#x438;&#x442;&#x435;&#x440;&#x430;&#x442;&#x443;&#x440;&#x44B; &#x438; &#x438;&#x441;&#x43A;&#x443;&#x441;&#x441;&#x442;&#x432;&#x430; &#x438;&#x43C;. &#x413;. &#x418;&#x431;&#x440;&#x430;&#x433;&#x438;&#x43C;&#x43E;&#x432;&#x430;</subfield>
    <subfield code="c">&#x41A;&#x430;&#x437;&#x430;&#x43D;&#x44C;</subfield>
    <subfield code="3">RU\NLR\AUTH\8810026808</subfield>
    <subfield code="9">551786</subfield>
  </datafield>
  <datafield tag="801" ind1=" " ind2="0">
    <subfield code="a">RU</subfield>
    <subfield code="b">&#x41D;&#x411; &#x41A;&#x430;&#x437;&#x430;&#x43D;&#x441;&#x43A;&#x43E;&#x433;&#x43E; &#x413;&#x423;</subfield>
    <subfield code="c">20080513</subfield>
    <subfield code="g">RCR</subfield>
  </datafield>
  <datafield tag="801" ind1=" " ind2="1">
    <subfield code="a">RU</subfield>
    <subfield code="b">&#x41D;&#x411; &#x41A;&#x430;&#x437;&#x430;&#x43D;&#x441;&#x43A;&#x43E;&#x433;&#x43E; &#x413;&#x423;</subfield>
    <subfield code="c">20080604</subfield>
    <subfield code="g">RCR</subfield>
  </datafield>
  <datafield tag="801" ind1=" " ind2="2">
    <subfield code="a">RU</subfield>
    <subfield code="b">NLR</subfield>
    <subfield code="c">20080818</subfield>
    <subfield code="g">rcr</subfield>
  </datafield>
  <datafield tag="852" ind1=" " ind2=" ">
    <subfield code="a">NLR</subfield>
    <subfield code="b">&#x41E;&#x41D;&#x41B;</subfield>
    <subfield code="j">&#x422;&#x430;&#x442;&#x430;&#x440;./5-489</subfield>
  </datafield>
  <datafield tag="942" ind1=" " ind2=" ">
    <subfield code="c">BOOK</subfield>
  </datafield>
  <datafield tag="980" ind1=" " ind2=" ">
    <subfield code="a">NB</subfield>
  </datafield>
  <datafield tag="980" ind1=" " ind2=" ">
    <subfield code="a">NBR</subfield>
  </datafield>
  <datafield tag="995" ind1=" " ind2=" ">
    <subfield code="5">2008-08-18</subfield>
    <subfield code="a">ad</subfield>
    <subfield code="b">NLR01</subfield>
    <subfield code="c">NLR01</subfield>
    <subfield code="e">ONL</subfield>
    <subfield code="f">2735134</subfield>
    <subfield code="k">&#x41E;&#x41D;&#x41B; &#x422;&#x430;&#x442;&#x430;&#x440;./5-489</subfield>
    <subfield code="o">0</subfield>
    <subfield code="r">BOOK</subfield>
    <subfield code="s">_5489</subfield>
  </datafield>
  <datafield tag="995" ind1=" " ind2=" ">
    <subfield code="5">2008-08-18</subfield>
    <subfield code="a">ad</subfield>
    <subfield code="b">NLR01</subfield>
    <subfield code="c">NLR01</subfield>
    <subfield code="e">OBM</subfield>
    <subfield code="f">1-2783679</subfield>
    <subfield code="o">0</subfield>
    <subfield code="p">300.00</subfield>
    <subfield code="r">BOOK</subfield>
  </datafield>
</record>
